|
|
|
|
| LEADER |
00000nam a22000007a 4500 |
| 005 |
20200306214752.0 |
| 007 |
cr|||| |||| |
| 008 |
200306s2013 co |||||s|||| 00||0 spa d |
| 020 |
|
|
|a 978-958-57362-2-1
|
| 035 |
|
|
|a 31161
|
| 040 |
|
|
|a vLex
|
| 090 |
|
|
|c 10200
|d 10200
|
| 245 |
0 |
0 |
|a Una mirada a los derechos de las mujeres en Colombia
|h [Recurso electrn̤ico] /
|
| 256 |
|
|
|a Servicio en ln̕ea
|
| 260 |
|
|
|a Bogot:̀
|b Comisin̤ Colombiana de Juristas,
|c 2013
|
| 300 |
|
|
|a 1 recurso electrn̤ico
|
| 506 |
1 |
|
|a Disponible solo en los productos indicados
|d vLex Global
|d vLex Global (Academic Edition, excluding Law Schools)
|d vLex Global (U.S. Academic Edition, Law Schools)
|d vLex Global (U.S. Academic Edition, excluding Law Schools)
|d vLex Global (Academic Edition, Law Schools)
|
| 650 |
0 |
4 |
|a Derecho Internacional
|z Colombia
|
| 740 |
0 |
|
|a vLex Libros (Servicio en ln̕ea)
|
| 856 |
4 |
0 |
|u http://vlex.com/source/mirada-derechos-mujeres-colombia-31161
|z Acceso restringido
|
| 942 |
|
|
|c BOOK
|
| 999 |
0 |
|
|a International right
|